10:35 - tiësto ft. tate mcrae (all lyrics) - Statistics

General Stats
  • This quiz has been taken 48 times
  • The average score is 283 of 361
Answer Stats
% Correct
a
100%
all
100%
around
100%
i
100%
i,
100%
i),
100%
me,
100%
me
100%
you
100%
10:35,
97%
and
97%
arms
97%
can
97%
drown
97%
feel
97%
know
97%
your
95%
go
92%
is
92%
it
92%
it,
92%
it's
92%
it's,
92%
i'm
89%
(i'm
89%
in
89%
let
89%
'em
84%
that
84%
my
82%
the
82%
but
76%
every
76%
found
76%
god
76%
so
76%
don't
74%
to
74%
places
71%
head,
68%
night
68%
night,
68%
thankin',
68%
thankin'
68%
be
66%
of
66%
of),
66%
about
63%
afraid
63%
now,
63%
think
63%
where
63%
like
61%
many
61%
monsters
61%
bed,
58%
goin'
58%
(goin'),
58%
not
58%
scared
58%
somethin'
58%
(somethin'),
58%
(somethin')
58%
things
58%
this
58%
got
55%
nothin'
55%
ain't
53%
end
53%
under
53%
(oh),
50%
(oh,
50%
oh,
50%
oh)
50%
oh
50%
right
50%
they
50%
whole
50%
worry,
50%
worry
50%
('cause
47%
'cause
47%
just
47%
tomorrow
47%
world's
47%
look
45%
everyday,
42%
make
42%
(yeah),
42%
thoughts
39%
tv
39%
bottle
37%
dreams,
37%
pass
37%
darker
34%
what
34%
are
32%
chest,
32%
rocket
32%
through
32%
up,
32%
want
32%
i'd
29%
means
26%
everytime
24%
get
24%
wake
24%
will
24%
harder
21%
sun
21%
alleyways,
18%
dumb
16%
never-endin'
16%
tell
16%
No matching quizzes found
Score Distribution
Percent of People with Each Score
Percentile by Number Answered
Your Score History
You have not taken this quiz